000 00563nam a2200217Ia 4500
005 20250508164612.0
008 008 250505s9999 xx 000 0 hin d
020 _a0 7507 0939 1
037 _aTextual
040 _aFEDL
_beng
_cFEDL
041 _ahin
_2eng
084 _a411, MUL
_qFEDL
100 _aMuley Gunakar
_9398672
245 0 _aAksharon ki kahani
260 _aNew Delhi, India
_bGyan Vigyan Prakashan
_c1991
300 _a99p.
365 _aINR
_b35
546 _aMACESE
942 _cTEXL
_h411, MUL
999 _c1390078
_d1390078